01151nam a22002057a 4500008004100000020001800041050002800059245024400087260004200331300002100373500012500394505015300519650001400672650003200686650002700718700004800745942001200793952012300805999001700928140407t2006 xxu||||| |||| 00| 0 spa d a970-24-0845-8 aHF5549.5 C35 D8518 200610aCapacitación, dirección y asesoramiento (CDA) en el trabajob: todos los tipos de cacacitación, dirección y asesoramiento (CDA) en el trabajo para un desempeño excelentec/ Donna Dunning; tr. María de la Luz Boissin Fernández aMéxicob: Patría Culturalc,2006. a311 p.c; 23 cm. aEducación mixta (21 002303) Traducción de : TLC at work: training, leading, coaching all types for star performance aDesarrollo de relaciones, facilitación del desarrollo, responsabilidad personal, comunicación, mentalidad abierta, productividad, proactividad. 102LIDERAZGO102EMPLEADOS -- CAPACITACIÓN102DESARROLLO PROFESIONAL10aBOISSIN FERNÁNDEZ, María de la Luz, tr. cLB2ddc 00102lcc4070a21b21d2014-04-07l24oHF5549.5 C35 D8518 2006p21 002303r2020-01-10s2020-01-10t1w2014-04-07yLB c92370d92370